1330 1088 1113 1924 1624 1206 1155 1625 1359 1131 1152 1131 1518 1491 1784 1366 1682 1156 1717 1631 1161 1046 1592 1262 1672 1205 1177 1671 1172 1729 1092 1069 1549 1569 1307 1607 1036 1784 1325 1580 1440 1823 1122 1311 1655 1250 1135 1521 1547 1952 1289 1321 1212 1955 1151 1535 1319 1207 1851 1736 1560 1253 1306 1380 1864 1707 1890 1479 1132 1640 1967 1875 1533 1726 1601 1890 1448 1856 1916 1607 1567 1933 1342 1559 1845 1759 1374 1096 1715 1291 1284 1475 1322 1486 1566 1018 1407 1589 1362 BCNSPRNW ULIB Ver.6.0+V

เปลี่ยนเป็นภาษาไทย

Change to English
 แสดงรายละเอียดบรรณานุกรม
  กลับหน้าหลัก

Brief Record : Get Marc (ISO 2709) : E-mail record : QR code < ปิดหน้าต่าง
LEADER : 00000nam 2200000uu 4500
001    13399122686
003     ULIB
008    130828s2012||||th 000 0 eng d
020    ^a9781111309367
060 04 ^aWR100^bL479s 2012
100 1  ^aLees, Mark
245 10 ^aSkin care :^bbeyond the basics /^cMark Lees
250    ^a4th ed.
260    ^aAustralia :^bCengage Learning,^cc2012
300    ^axii, 514 p. :^bcol. ill. ;^c28 cm.
505 0  ^a1. Advanced Anatomy & Physiology of the Skin. -- 2.Hygien and Sterilization Techniques.-- 3. The Immune System.-- 4.Communicable Diseases.-- 5. Hormones.--6. Skin Analysis. -- 7. Recognize and Refer Medical Conditions.-- 8. Essential Knowledge of Chemistry. -- 9. Cosmetic Chemistry and Functional Ingredients. -- 10. Performance Ingredients and Active Ingredients. -- 11. Skin Care Products. -- 12. Claims in Cosmetics. -- 13. Sensitive Skin, Allergies, and Irritants. -- 14. Rosacea. -- 15. Acne and the Esthetician. -- 16. Cosmodogenicity. -- 17. Extraction. --18. The Intrinsic Aging Process. -- 19. Sun and Sun Damage. -- 20. The New Science of Aging Skin Treatment. --21. Chemical Peeling and Exfoliation Procedures. -- 22. Plastic and Cosmetic Surgery: Treating the Patient. -- 23.Cosmetic Medicine and Medical Relations. -- 24. The Scientific Approach.
520    ^aThis all new edition of Skin Care: Beyond the Basics builds upon the strong reputation of its predecessors as an outstanding resource for the advanced esthetics student and professional. Using plain language, it explains real-world scenarios and profiles what estheticians will experience when they are practicing in the clinic environment. Detailed information on subjects such as acne,sensitive skin, cosmetic ingredients and clinical management of aging skin is included. The subject matter is presented in a direct manner which leads to proven understanding in the classroom and positive client outcomes in the student clinic. This book is a must-have resource for future and existing professional estheticians, and will remain a trusted reference tool throughout your career.
650  0 ^aSkin^xCare and hygiene
650  0 ^aSelf-care, Health
650  2 ^aSkin Care
650  2 ^aSkin
650  2 ^aCosmetic Techniques
650  2 ^aCosmetics
650  2 ^aSkin Diseases
945    ^p0^l0^i033947
999    ^aเกษร โพธิ์สุวรรณ
รายการนี้ยังไม่มีแท็ก
คุณยังไม่ได้ล็อกอิน คุณสามารถมีกิจกรรมร่วมกับเว็บไซต์ได้ แต่ต้องล็อกอินก่อน ::
  ล็อกอิน

รายการสื่อสารสนเทศ

ลำดับที่ ประเภท เลขเรียก/บาร์โค้ด สถานที่ สถานะ
1. วิทยาศาสตร์การแพทย์ และสุขภาพ
วิทยาศาสตร์การแพทย์ และสุขภาพ
WR100 L479s 2012  
  Barcode: 033947
ห้องสมุดวิทยาเขตสวรรค์ประชารักษ์
►หนังสือทั่วไป
บนชั้น

รายการใกล้เคียง
    หัวเรื่อง [Skin]
    หัวเรื่อง [Skin Diseases]

BibComment


ยังไม่เคยถูกคอมเมนท์

คอมเมนท์ทรัพยากรรายการนี้
  คอมเมนท์: Skin care beyon..


 Copyright 2026. Bcnsprnw @Library